| 000 | 01067na a2200325 4500 | ||
|---|---|---|---|
| 001 | 12631 | ||
| 003 | MIRAKIL | ||
| 005 | 20181213155312.0 | ||
| 008 | 160824b tu 000 0 | ||
| 020 | _a9786053992721 | ||
| 035 | _a12631 | ||
| 040 |
_aMilas _btur _cTR-AnCHP |
||
| 082 |
_a150.195 _bJ67t 2013 |
||
| 090 | _a150.195 J67t 2013 | ||
| 100 | _aJoannidis, Chris | ||
| 245 |
_aTefekkür yakınlıkları _cChris Joannidis ; editör Melis Tanık Sivri ; Yayına hazırlayan H. Pınar Mutlu. |
||
| 260 |
_aİstanbul _bİstanbul Bilgi Üniversitesi Yayınları _c2013 |
||
| 300 |
_avi, 216 s. _c23 sm. |
||
| 490 |
_aPsike İstanbul Psikanaliz Kitaplığı Şimdi ve Burada _v3 |
||
| 490 |
_aİstanbul Bilgi Üniversitesi yayınları _v418 |
||
| 504 | _aKaynakça ve dizin var. | ||
| 650 | _aPsikoterapist ve hastalar | ||
| 650 | _aPsikanaliz ve kültür | ||
| 650 | _aBağımlılık (Psikoloji) | ||
| 650 | _aÇatışma (Psikoloji) | ||
| 650 | _aPsikanaliz | ||
| 700 | _aMutlu, H. Pınar | ||
| 700 | _aSivri, Melis Tanık | ||
| 942 |
_2ddc _cBKS |
||
| 999 |
_c10229 _d10229 |
||